Peribañez y el comendador de ocaña ; el remedio en la desdicha /
Guardado en:
| Autor Principal: | |
|---|---|
| Formato: | Libro |
| Publicado: |
Buenos Aires :
Sopena Argentina,
1944
|
| Edición: | 2a. ed. |
| Materias: | |
| Etiquetas: |
Agregar Etiqueta
Sin Etiquetas, Sea el primero en etiquetar este registro!
|
| LEADER | 00576nam a22001935a 4500 | ||
|---|---|---|---|
| 001 | CEM.cems006490 | ||
| 005 | 20060214000000.0 | ||
| 008 | 130507s1944##################000#0#####d | ||
| 003 | CEMS | ||
| 082 | 0 | 4 | |a 862.3 |
| 100 | 1 | |a Vega Carpio Lope, Felix De | |
| 245 | 1 | 0 | |a Peribañez y el comendador de ocaña ; el remedio en la desdicha / |
| 250 | |a 2a. ed. | ||
| 260 | |a Buenos Aires : |b Sopena Argentina, |c 1944 | ||
| 300 | |a 174 p. | ||
| 653 | |a Literatura | ||
| 653 | |a Teatro | ||
| 653 | |a Teatro español-siglo de oro | ||
| 859 | |a CEMS |b BIB. CEMS - 11 de abril |h 862.3 |i V522-7a2 |p 4100.75 |t Ej.1 | ||
